Composition - Finale EL 2017 - OM vs Atletico Madrid - Statistiques

Statistiques générales
  • Ce quiz a été pris 37 fois
  • Le résultat moyen est 15 sur 30
Statistiques - réponses
Poste Réponse % Correct
BU Antoine Griezmann
97%
G Steve Mandanda
97%
MOC Dimitri Payet
94%
MD Florian Thauvin
88%
G Jan Oblak
88%
BU Valère Germain
84%
MG Koke
72%
DCD Adil Rami
69%
DD Bouna Sarr
66%
DCD José Maria Gimenez
63%
DCG Diego Godin
59%
BU Kostas Mitroglou
56%
DG Jordan Amavi
53%
MCD Gabi
47%
MC Maxime Lopez
47%
DCG Luiz Gustavo
44%
DG Lucas Hernandez
41%
MDC Morgan Sanson
41%
MG Lucas Ocampos
38%
MDC André-Franck Zambo-Anguissa
34%
AG Clinton Njie
34%
DD Juanfran
31%
Coach Rudi Garcia
31%
MCG Saul Niguez
31%
BU Diego Costa
28%
Coach Diego Simeone
28%
BU Fernando Torres
25%
MD Angel Correa
19%
DD Sime Vrsaljko
19%
MDC Thomas Partey
6%
Aucun quiz correspondant
Distribution des résultats
% des personnes avec chaque résultat
Percentile par nombre de réponses
Votre historique - résultats
Vous n’avez pas pris ce quiz